Practical paediatric haematology : (Record no. 3398)

MARC details
000 -LEADER
fixed length control field 00918nac a22002411u 4500
010 ## - LIBRARY OF CONGRESS CONTROL NUMBER
LC control number 008073407
020 ## - INTERNATIONAL STANDARD BOOK NUMBER
International Standard Book Number 0471910295
082 ## - DEWEY DECIMAL CLASSIFICATION NUMBER
Classification number 618.9215
Item number H581
090 ## - LOCALLY ASSIGNED LC-TYPE CALL NUMBER (OCLC); LOCAL CALL NUMBER (OCLC)
-- 3398
-- 3398
100 ## - MAIN ENTRY--PERSONAL NAME
Personal name Hinchliffe, R.F.
245 ## - TITLE STATEMENT
Title Practical paediatric haematology :
Remainder of title a laboratory worker’s guide to blood disorders in children /
Statement of responsibility, etc edited by and J.S. Lilleyman.
260 ## - PUBLICATION, DISTRIBUTION, ETC. (IMPRINT)
Place of publication, distribution, etc Chichester :
Name of publisher, distributor, etc Wiley, C.1987.
Date of publication, distribution, etc C.1987.
300 ## - PHYSICAL DESCRIPTION
Extent x,410p. :
Other physical details ill. ;
Dimensions 24cm.
500 ## - GENERAL NOTE
General note Donations.
500 ## - GENERAL NOTE
General note Donations - Bibliotheca Alexandrina.
504 ## - BIBLIOGRAPHY, ETC. NOTE
Bibliography, etc Includes bibliographies and index.
650 ## - SUBJECT ADDED ENTRY--TOPICAL TERM
Topical term or geographic name as entry element Pediatric hematology.
650 ## - SUBJECT ADDED ENTRY--TOPICAL TERM
Topical term or geographic name as entry element Children Blood Diseases .
700 ## - ADDED ENTRY--PERSONAL NAME
Personal name Hinchliffe, R. F.
700 ## - ADDED ENTRY--PERSONAL NAME
Personal name Lilleyman, J. S. (John Stuart)
942 ## - ADDED ENTRY ELEMENTS (KOHA)
Item type Book - Borrowing
Call number prefix 618.9215H581
Holdings
Withdrawn status Item status Source of classification or shelving scheme Damaged status Not for loan Home library Current library Shelving location Date acquired Source of acquisition Total Checkouts Full call number Barcode Date last seen Date last borrowed Koha item type
    Dewey Decimal Classification     Central Library Central Library First floor 07/04/2010 Purchase 1 618.9215 HIN 000030346 15/07/2025 08/03/2014 Book - Borrowing